[Event "Niederoesterreich-ch Seniors op"]
[Site "Spitz in der Wachau"]
[Date "2020.10.12"]
[Round "2"]
[White "Titz, Herbert"]
[Black "Dobersberger, Werner"]
[Result "1/2-1/2"]
[WhiteElo "1850"]
[BlackElo "1856"]
[PlyCount "49"]
[EventDate "2020.10.11"]
[EventType "swiss"]
[EventRounds "7"]
[EventCountry "AUT"]
[SourceTitle "CBM 198 Extra"]
[Source "ChessBase"]
[SourceDate "2020.11.30"]
[SourceVersion "1"]
[SourceVersionDate "2020.11.30"]
[SourceQuality "1"]

1. e4 e6 2. d4 d5 3. Nd2 c5 4. Ngf3 Nc6 5. exd5 exd5 6. Nb3 cxd4 7. Nbxd4 Nf6 8. Bb5 Bd7 9. 0-0 Be7 10. Re1 0-0 11. c3 Re8 12. Bf4 Rc8 13. Bd3 Nxd4 14. Nxd4 Bg4 15. Qd2 a6 16. Bf5 Bxf5 17. Nxf5 Ne4 18. Nxe7+ Rxe7 19. Qd3 Qb6 20. Re2 Rce8 21. Be3 Qc6 22. Rae1 h6 23. h3 Re6 24. Rd1 Nf6 25. Rde1 1/2-1/2

[Event "Bad Wiessee Senioren Cup 8th"]
[Site "Bad Wiessee"]
[Date "2019.05.15"]
[Round "5"]
[White "Titz, Herbert"]
[Black "Koch, Dieter"]
[Result "1/2-1/2"]
[WhiteElo "1863"]
[BlackElo "1697"]
[PlyCount "92"]
[EventDate "2019.05.11"]
[EventType "swiss"]
[EventRounds "9"]
[EventCountry "GER"]
[SourceTitle "EXT 2020"]
[Source "ChessBase"]
[SourceDate "2019.10.17"]
[SourceVersion "1"]
[SourceVersionDate "2019.10.17"]
[SourceQuality "1"]

1. e4 e5 2. Nf3 d6 3. d4 Nd7 4. Bc4 Qe7 5. Nc3 c6 6. a4 h6 7. 0-0 g5 8. Ne2 Nb6 9. Bb3 Bg4 10. Ng3 Nf6 11. dxe5 dxe5 12. h3 Bc8 13. a5 Nbd7 14. Nf5 Qd8 15. Qe2 Qc7 16. Be3 Nc5 17. Ng7+ Bxg7 18. Bxc5 Nd7 19. Ba3 Bf8 20. Qc4 Rh7 21. Bb4 b5 22. axb6 Nxb6 23. Qc3 Bxb4 24. Qxb4 g4 25. hxg4 Bxg4 26. Qc3 f6 27. Rfd1 Bd7 28. Rd3 0-0-0 29. Nh4 Rg7 30. Rf3 Rg4 31. g3 Rf8 32. Rd1 Kb7 33. Qe3 Rxh4 34. gxh4 Bg4 35. Rd2 Bxf3 36. Qxf3 Qe7 37. Qg4 h5 38. Qg6 Kc7 39. c3 Kb7 40. Rd3 Rh8 41. Qf5 Kc7 42. Kh2 Nd7 43. Rf3 Kd6 44. Bd1 Kc7 45. Rg3 Nf8 46. Kh3 Ne6 1/2-1/2

[Event "North Austria-ch Seniors 65"]
[Site "Spitz am Donau"]
[Date "2018.10.09"]
[Round "3.12"]
[White "Beyer, Edith"]
[Black "Titz, Herbert"]
[Result "0-1"]
[WhiteElo "1372"]
[BlackElo "1902"]
[PlyCount "28"]
[EventDate "2018.10.07"]
[EventType "swiss"]
[EventRounds "7"]
[EventCountry "AUT"]
[SourceTitle "EXT 2024"]
[Source "ChessBase"]
[SourceDate "2023.10.10"]
[SourceVersion "1"]
[SourceVersionDate "2023.10.10"]
[SourceQuality "1"]

1. e4 e5 2. Bc4 Nf6 3. Nc3 Bb4 4. d3 d5 5. exd5 Nxd5 6. Qf3 Be6 7. Nge2 0-0 8. 0-0 c6 9. Ne4 Be7 10. Qg3 Nd7 11. Bh6 Bf6 12. Nxf6+ Qxf6 13. Bg5 Qg6 14. Bxd5 Bxd5 0-1

[Event "AUT-ch Seniors 65"]
[Site "Vienna"]
[Date "2017.02.07"]
[Round "2.5"]
[White "Titz, Herbert"]
[Black "Kottisch, Gustav"]
[Result "1/2-1/2"]
[WhiteElo "1960"]
[BlackElo "1867"]
[PlyCount "53"]
[EventDate "2017.02.06"]
[EventType "swiss"]
[EventRounds "7"]
[EventCountry "AUT"]
[SourceTitle "EXT 2024"]
[Source "ChessBase"]
[SourceDate "2023.10.10"]
[SourceVersion "1"]
[SourceVersionDate "2023.10.10"]
[SourceQuality "1"]

1. e4 c5 2. Nf3 Nc6 3. d3 g6 4. g3 Bg7 5. Bg2 Nf6 6. 0-0 0-0 7. Re1 d6 8. Nbd2 Rb8 9. c3 Bd7 10. Qc2 Qc8 11. Nf1 Ng4 12. Ne3 Nge5 13. Bd2 Bh3 14. Bh1 Kh8 15. Rad1 Nxf3+ 16. Bxf3 Qe6 17. Nd5 Ne5 18. Be2 Bg4 19. f4 Nf3+ 20. Bxf3 Bxf3 21. Rb1 Qh3 22. Bc1 e6 23. Ne3 b5 24. Qf2 Qh5 25. Nf1 Bg4 26. Bd2 a5 27. Ne3 1/2-1/2

[Event "AUT-ch Seniors"]
[Site "Wirt im Feld"]
[Date "2015.09.18"]
[Round "6"]
[White "Schulz, Peter"]
[Black "Titz, Herbert"]
[Result "1-0"]
[WhiteElo "2031"]
[BlackElo "1946"]
[PlyCount "71"]
[EventDate "2015.09.13"]
[EventType "swiss"]
[EventRounds "7"]
[EventCountry "AUT"]
[SourceTitle "EXT 2016"]
[Source "ChessBase"]
[SourceDate "2015.10.08"]
[SourceVersion "1"]
[SourceVersionDate "2015.10.08"]
[SourceQuality "1"]

1. e4 e5 2. Nf3 Nc6 3. Bb5 a6 4. Ba4 Nf6 5. 0-0 b5 6. Bb3 Nxe4 7. d4 d5 8. dxe5 Be6 9. c3 Be7 10. Nbd2 Qd7 11. Qe2 Nxd2 12. Bxd2 Na5 13. Bc2 c5 14. Rad1 h6 15. Bc1 0-0-0 16. a4 Kc7 17. axb5 axb5 18. Ne1 f5 19. f4 g5 20. Nf3 Rhg8 21. b3 Qc6 22. Be3 gxf4 23. Bxf4 d4 24. cxd4 cxd4 25. Ra1 Qb6 26. Kh1 Bb4 27. Bd3 Rd5 28. Rab1 Kb7 29. Bxh6 Rc5 30. Bf4 Rd8 31. Nh4 Rf8 32. Bg3 Rc3 33. Nxf5 Rxb3 34. Rxb3 Bxb3 35. Bxb5 Qe6 36. Nxd4 1-0

[Event "AUT-ch Seniors"]
[Site "Wirt im Feld"]
[Date "2015.09.16"]
[Round "4"]
[White "Bauer, Manfred2222"]
[Black "Titz, Herbert"]
[Result "1/2-1/2"]
[WhiteElo "1928"]
[BlackElo "1946"]
[PlyCount "41"]
[EventDate "2015.09.13"]
[EventType "swiss"]
[EventRounds "7"]
[EventCountry "AUT"]
[SourceTitle "EXT 2016"]
[Source "ChessBase"]
[SourceDate "2015.10.08"]
[SourceVersion "1"]
[SourceVersionDate "2015.10.08"]
[SourceQuality "1"]

1. d4 Nf6 2. Nf3 g6 3. g3 Bg7 4. Bg2 0-0 5. 0-0 d6 6. Nbd2 Nbd7 7. c3 c6 8. e4 e5 9. Re1 Qc7 10. dxe5 dxe5 11. Nb3 b6 12. Qc2 Bb7 13. Bg5 Rfd8 14. Rad1 Nf8 15. Rd2 Rxd2 16. Nbxd2 Ne6 17. Rd1 Nxg5 18. Nxg5 h6 19. Nh3 Rd8 20. Nf1 Bc8 21. f3 1/2-1/2

[Event "EU-chT Seniors"]
[Site "Vienna"]
[Date "2015.07.16"]
[Round "5.7"]
[White "Titz, Herbert"]
[Black "Beltz, Robert"]
[Result "0-1"]
[WhiteElo "1939"]
[BlackElo "2160"]
[PlyCount "60"]
[EventDate "2015.07.12"]
[EventType "team-swiss"]
[EventRounds "9"]
[EventCountry "AUT"]
[SourceTitle "EXT 2018"]
[Source "ChessBase"]
[SourceDate "2017.10.13"]
[SourceVersion "1"]
[SourceVersionDate "2017.10.13"]
[SourceQuality "1"]
[WhiteTeam "Wien 75+"]
[BlackTeam "Leipzig Schachfreunde"]
[WhiteTeamCountry "AUT"]
[BlackTeamCountry "GER"]

1. e4 c5 2. Nf3 Nc6 3. d4 cxd4 4. Nxd4 Nf6 5. Nc3 g6 6. Be2 Bg7 7. Be3 0-0 8. 0-0 d6 9. h3 Bd7 10. Qd2 Rc8 11. Nxc6 Bxc6 12. Bd3 Re8 13. Bd4 e5 14. Be3 d5 15. exd5 Nxd5 16. Nxd5 Qxd5 17. f3 a6 18. Qe2 Qa5 19. c3 Bd5 20. Rfd1 e4 21. fxe4 Bxe4 22. Qf2 Rc6 23. Bf1 Rf6 24. Qg3 Rf5 25. a3 Be5 26. Qe1 Bc6 27. Qd2 Bb8 28. Bd4 Qc7 29. g4 Rxf1+ 30. Kxf1 Qg3 0-1

[Event "Arber op Seniors 2nd"]
[Site "Bayerisch Eisenstein"]
[Date "2014.08.24"]
[Round "9"]
[White "Riedl, Maximilian"]
[Black "Titz, Herbert"]
[Result "1-0"]
[WhiteElo "2005"]
[BlackElo "1987"]
[PlyCount "103"]
[EventDate "2014.08.16"]
[EventType "swiss"]
[EventRounds "9"]
[EventCountry "GER"]
[SourceTitle "EXT 2016"]
[Source "ChessBase"]
[SourceDate "2015.10.08"]
[SourceVersion "1"]
[SourceVersionDate "2015.10.08"]
[SourceQuality "1"]

1. Nf3 Nf6 2. g3 g6 3. Bg2 Bg7 4. 0-0 0-0 5. d3 d6 6. e4 c5 7. c3 Nc6 8. Qc2 Qc7 9. Nbd2 Rb8 10. Re1 b5 11. Nf1 h6 12. h4 b4 13. Bd2 a5 14. Rad1 Ba6 15. Ne3 e6 16. Bf1 Rfd8 17. d4 Bxf1 18. Kxf1 Qb7 19. d5 exd5 20. exd5 Ne7 21. c4 Qd7 22. Kg2 Re8 23. Qd3 Kh7 24. Qc2 Neg8 25. Nf1 Ng4 26. N3h2 N8f6 27. Nxg4 Nxg4 28. f3 Nf6 29. b3 a4 30. Rxe8 Qxe8 31. Re1 Qd7 32. Bc1 a3 33. Nd2 Re8 34. Rxe8 Qxe8 35. Ne4 Qe5 36. Nf2 Nh5 37. f4 Qa1 38. g4 Bb2 39. gxh5 Bxc1 40. hxg6+ Kg7 41. gxf7 Kxf7 42. Qh7+ Ke8 43. Qxh6 Qxa2 44. Qe6+ Kf8 45. Qxd6+ Kg8 46. Qe5 Kf8 47. d6 Bxf4 48. Qf5+ Ke8 49. Qxf4 Kd7 50. Qe5 Kc6 51. Qe7 Kb6 52. Qc7+ 1-0

[Event "Arber op Seniors 2nd"]
[Site "Bayerisch Eisenstein"]
[Date "2014.08.21"]
[Round "6"]
[White "Titz, Herbert"]
[Black "Gaug, Herbert"]
[Result "1-0"]
[WhiteElo "1987"]
[BlackElo "1856"]
[PlyCount "131"]
[EventDate "2014.08.16"]
[EventType "swiss"]
[EventRounds "9"]
[EventCountry "GER"]
[SourceTitle "EXT 2016"]
[Source "ChessBase"]
[SourceDate "2015.10.08"]
[SourceVersion "1"]
[SourceVersionDate "2015.10.08"]
[SourceQuality "1"]

1. e4 c6 2. d4 d5 3. Nc3 dxe4 4. Nxe4 Bf5 5. Ng3 Bg6 6. Nf3 e6 7. Bd3 Bxd3 8. Qxd3 Nd7 9. 0-0 Ngf6 10. Re1 Bd6 11. Nf5 Bf8 12. Bf4 Qb6 13. Qb3 0-0-0 14. Ne3 h6 15. Nc4 Qxb3 16. axb3 a6 17. c3 Nd5 18. Bg3 Re8 19. Re2 N5b6 20. Nce5 Nxe5 21. Nxe5 Re7 22. Re3 g5 23. f4 Nd5 24. Rf3 gxf4 25. Bxf4 Nxf4 26. Rxf4 Rh7 27. Raf1 f5 28. Re1 Rhg7 29. Rf2 Re8 30. Nd3 Kd7 31. Ne5+ Kd8 32. Rfe2 Bd6 33. Nc4 Bc7 34. Rxe6 Reg8 35. R1e2 f4 36. Rf6 c5 37. Ne5 cxd4 38. cxd4 Bxe5 39. dxe5 Ke7 40. Rxf4 Rg6 41. Rc4 Rd8 42. Rc7+ Rd7 43. Rxd7+ Kxd7 44. Kf2 Rb6 45. Re3 Ke6 46. Kf3 h5 47. Kf4 Rb4+ 48. Kg5 Rg4+ 49. Kxh5 Rxg2 50. h4 Rg1 51. Kh6 Rg8 52. Kh7 Rg4 53. h5 Rg2 54. Rc3 Kxe5 55. Rc7 b5 56. Rc6 Rxb2 57. Kg7 Rg2+ 58. Rg6 Kd4 59. h6 Rh2 60. h7 Kc3 61. Rh6 Rxh6 62. Kxh6 Kxb3 63. h8Q b4 64. Qa1 Kc2 65. Qa2+ Kc3 66. Qb1 1-0

[Event "EU-chT Seniors"]
[Site "Sibenik"]
[Date "2014.04.01"]
[Round "1.3"]
[White "Sale, Srdjan"]
[Black "Titz, Herbert"]
[Result "1-0"]
[WhiteElo "2402"]
[BlackElo "1995"]
[PlyCount "119"]
[EventDate "2014.04.01"]
[EventType "team-swiss"]
[EventRounds "9"]
[EventCountry "CRO"]
[SourceTitle "CBM 159 Extra"]
[Source "ChessBase"]
[SourceDate "2014.04.24"]
[SourceVersion "1"]
[SourceVersionDate "2014.04.24"]
[SourceQuality "1"]
[WhiteTeam "Croatia Seniors"]
[BlackTeam "Austria Wien Seniors II"]
[WhiteTeamCountry "CRO"]
[BlackTeamCountry "AUT"]

1. c4 Nf6 2. Nf3 g6 3. Nc3 Bg7 4. d4 c5 5. d5 d6 6. g3 0-0 7. Bg2 Nbd7 8. 0-0 Rb8 9. Bf4 a6 10. a4 Nh5 11. Bg5 Ne5 12. Nxe5 Bxe5 13. Qc2 Bd7 14. a5 Re8 15. Rfb1 b5 16. axb6 Qxb6 17. Bd2 Rb7 18. Nd1 Ra8 19. Ba5 Qb3 20. Qc1 Rba7 21. Ra3 Qb7 22. Ne3 Ng7 23. Be4 f5 24. Bc2 f4 25. Ng2 fxg3 26. hxg3 Qc8 27. Bc3 Bxc3 28. Rxc3 a5 29. Qg5 Be8 30. Nf4 Bf7 31. Re3 Qd8 32. Qh6 Qf8 33. Qh4 Re8 34. Kg2 e5 35. Rh1 Nh5 36. Nxh5 gxh5 37. Rf3 Qe7 38. Rf6 Kh8 39. Bxh7 Rf8 40. Be4 Be8 41. Rh6+ Kg8 42. Qxe7 Rxe7 43. Rxd6 Rb7 44. Rb1 Ba4 45. Rg6+ Kf7 46. Rg5 Rfb8 47. Ra1 Bb3 48. d6 Rd7 49. Bd5+ Kf6 50. Rxh5 Rxd6 51. Rh6+ Ke7 52. Rh7+ Kf6 53. Rh6+ Ke7 54. Rxd6 Kxd6 55. Rxa5 Bd1 56. Ra6+ Kd7 57. e3 Rxb2 58. Re6 Be2 59. Rxe5 Rc2 60. Re4 1-0

[Event "EU-chT Seniors 15th"]
[Site "Dresden"]
[Date "2013.07.25"]
[Round "6"]
[White "Titz, Herbert"]
[Black "Quinn, John M"]
[Result "0-1"]
[WhiteElo "2003"]
[BlackElo "2103"]
[PlyCount "54"]
[EventDate "2013.07.20"]
[EventType "team-swiss"]
[EventRounds "9"]
[EventCountry "GER"]
[SourceTitle "CBM 155 Extra"]
[Source "ChessBase"]
[SourceDate "2013.08.26"]
[SourceVersion "1"]
[SourceVersionDate "2013.08.26"]
[SourceQuality "1"]
[WhiteTeam "Vienna"]
[BlackTeam "England II"]
[WhiteTeamCountry "AUT"]
[BlackTeamCountry "ENG"]

1. e4 c5 2. Nf3 e6 3. d4 cxd4 4. Nxd4 Nc6 5. c3 Qc7 6. Be2 Nf6 7. Bf3 a6 8. g3 d6 9. 0-0 Bd7 10. a4 Be7 11. Na3 h5 12. Be3 Ne5 13. Bg2 h4 14. f4 Neg4 15. Nac2 hxg3 16. hxg3 Qc5 17. Nxe6 Qc4 18. Ned4 Bxa4 19. Re1 Bd7 20. e5 dxe5 21. fxe5 Nd5 22. e6 Bxe6 23. Nxe6 fxe6 24. Nd4 Ndxe3 25. Qf3 Nxg2 26. Rxe6 N2e3 27. Qxb7 0-0 0-1

[Event "EU-chT Seniors"]
[Site "Rogaska Slatina"]
[Date "2012.04.03"]
[Round "8.15"]
[White "Escher, Helmut"]
[Black "Titz, Herbert"]
[Result "1/2-1/2"]
[WhiteElo "2120"]
[BlackElo "2024"]
[PlyCount "94"]
[EventDate "2012.03.27"]
[EventType "team-swiss"]
[EventRounds "9"]
[EventCountry "SLO"]
[SourceTitle "CBM 147 Extra"]
[Source "ChessBase"]
[SourceDate "2012.04.24"]
[SourceVersion "1"]
[SourceVersionDate "2012.04.24"]
[SourceQuality "1"]
[WhiteTeam "Oberursel (Seniors)"]
[BlackTeam "Vienna (Seniors) II"]
[WhiteTeamCountry "GER"]
[BlackTeamCountry "AUT"]

1. d4 Nf6 2. Nf3 g6 3. Bf4 Bg7 4. e3 d6 5. Bd3 Nbd7 6. c3 0-0 7. Nbd2 Re8 8. Bg5 c6 9. 0-0 Qc7 10. Re1 e5 11. dxe5 dxe5 12. e4 Nc5 13. Bc2 Be6 14. b4 Ncd7 15. Bb3 Rad8 16. Qc2 b5 17. a4 Bxb3 18. Qxb3 a6 19. c4 h6 20. Bh4 Nf8 21. Qe3 Ra8 22. Bxf6 Bxf6 23. Qxh6 Qe7 24. Qe3 Qxb4 25. Reb1 Qe7 26. axb5 axb5 27. Rxa8 Rxa8 28. cxb5 cxb5 29. Rxb5 Ra1+ 30. Nf1 Ra3 31. Qc1 Ra7 32. Ne3 Bg7 33. g3 f6 34. Rb6 Qd8 35. Nd5 Kh7 36. Qc6 Rf7 37. Ra6 Kh6 38. Kg2 Kh7 39. h4 Kh6 40. g4 Kh7 41. Kg3 Kh8 42. Rb6 Kh7 43. Ne3 Qd7 44. Qxd7 Nxd7 45. Rb7 Kg8 46. Rc7 Bf8 47. Nd5 Nc5 1/2-1/2

[Event "St Veit op-B 29th"]
[Site "St Veit"]
[Date "2010.07.15"]
[Round "6"]
[White "Hackl, David"]
[Black "Titz, Herbert"]
[Result "1/2-1/2"]
[WhiteElo "1933"]
[BlackElo "2020"]
[PlyCount "101"]
[EventDate "2010.07.10"]
[EventType "swiss"]
[EventRounds "9"]
[EventCountry "AUT"]
[SourceTitle "EXT 2011"]
[Source "ChessBase"]
[SourceDate "2010.11.26"]
[SourceVersion "1"]
[SourceVersionDate "2010.11.26"]
[SourceQuality "1"]

1. d4 Nf6 2. c4 c5 3. d5 b5 4. cxb5 a6 5. e3 d6 6. Nc3 g6 7. a4 Bg7 8. Bc4 0-0 9. Nge2 axb5 10. Bxb5 Bd7 11. 0-0 Na6 12. Qb3 Nb4 13. Bxd7 Qxd7 14. f3 Rfb8 15. Qd1 Qb7 16. e4 Nd7 17. Nb5 Nb6 18. Nec3 Nc4 19. Qe2 Nb6 20. Bg5 f6 21. Be3 Nxa4 22. Rxa4 Rxa4 23. Nxd6 exd6 24. Nxa4 Qb5 25. Qxb5 Rxb5 26. Nc3 Ra5 27. Bf4 Bf8 28. Rd1 Kf7 29. Kf2 Ke7 30. g4 Kd7 31. h4 Be7 32. h5 g5 33. Be3 Bd8 34. Ke2 Na6 35. Kd2 Nb8 36. h6 Kc7 37. f4 Nd7 38. fxg5 fxg5 39. Rf1 Ne5 40. Rf5 Ra1 41. Nd1 Ra4 42. Nf2 Nc4+ 43. Ke2 Kb6 44. Rf8 Kc7 45. Rf7+ Kb6 46. Rxh7 Ra2 47. Nd1 Bf6 48. Rf7 Bxb2 49. Kf1 Ra1 50. Ke2 Ra2 51. Kf1 1/2-1/2

[Event "St Veit op-B 29th"]
[Site "St Veit"]
[Date "2010.07.13"]
[Round "4"]
[White "Melcher, Jakob"]
[Black "Titz, Herbert"]
[Result "0-1"]
[WhiteElo "1890"]
[BlackElo "2020"]
[PlyCount "122"]
[EventDate "2010.07.10"]
[EventType "swiss"]
[EventRounds "9"]
[EventCountry "AUT"]
[SourceTitle "EXT 2011"]
[Source "ChessBase"]
[SourceDate "2010.11.26"]
[SourceVersion "1"]
[SourceVersionDate "2010.11.26"]
[SourceQuality "1"]

1. e4 e5 2. Nf3 d6 3. Be2 Nf6 4. d3 Be7 5. h3 0-0 6. Nh2 d5 7. Ng4 dxe4 8. Nxf6+ Bxf6 9. dxe4 Nd7 10. Be3 Qe7 11. c3 Nc5 12. Qc2 Bg5 13. Bxc5 Qxc5 14. 0-0 Rd8 15. Rd1 Be6 16. Nd2 Bh4 17. Rf1 Rd7 18. Nf3 Bf6 19. Rad1 Rad8 20. Rxd7 Rxd7 21. Rd1 Qc6 22. Rxd7 Qxd7 23. b3 h6 24. Qd2 Kf8 25. Qxd7 Bxd7 26. c4 Bc6 27. Bd3 a5 28. Kf1 Ke7 29. Ke2 Ke6 30. Nd2 Be7 31. f3 Kd6 32. Bc2 Bd7 33. Kd3 Ke6 34. Ke2 Bc5 35. Nf1 Kd6 36. Nd2 Bd4 37. Nb1 Kc5 38. Bd3 a4 39. Bc2 axb3 40. axb3 Kb4 41. Kd3 Be6 42. Bd1 g6 43. Bc2 Bd7 44. Bd1 b5 45. f4 f6 46. g4 bxc4+ 47. bxc4 Be6 48. Nd2 Bc3 49. f5 gxf5 50. exf5 Bf7 51. Ne4 Bxc4+ 52. Ke3 Bd4+ 53. Kd2 c5 54. Nxf6 Bf7 55. h4 Bf2 56. h5 Bh4 57. Ne4 Bd5 58. Bc2 c4 59. Ke2 Bxe4 60. Bxe4 Bg5 61. Kd1 Kb3 0-1

[Event "EU-chT Seniors 12th"]
[Site "Dresden"]
[Date "2010.02.12"]
[Round "3"]
[White "Mai, Hartmut"]
[Black "Titz, Herbert"]
[Result "1/2-1/2"]
[WhiteElo "1933"]
[BlackElo "2041"]
[PlyCount "43"]
[EventDate "2010.02.10"]
[EventType "team-swiss"]
[EventRounds "9"]
[EventCountry "GER"]
[SourceTitle "CBM 134 Extra"]
[Source "ChessBase"]
[SourceDate "2010.03.03"]
[SourceVersion "1"]
[SourceVersionDate "2010.03.03"]
[SourceQuality "1"]
[WhiteTeam "Stiftung BSW/DBAG (Seniors) III"]
[BlackTeam "Vienna (Seniors) II"]
[WhiteTeamCountry "GER"]
[BlackTeamCountry "AUT"]

1. d4 Nf6 2. Nf3 c5 3. c3 e6 4. Bf4 Nc6 5. e3 Be7 6. Nbd2 0-0 7. Bc4 d5 8. Bd3 b6 9. 0-0 Bb7 10. Qe2 Re8 11. Ne5 g6 12. Ndf3 Nh5 13. Rfe1 Rc8 14. Nxc6 Bxc6 15. Ba6 Nxf4 16. exf4 Rc7 17. Ne5 Rf8 18. Bd3 Qd6 19. g3 Bb7 20. Rac1 cxd4 21. cxd4 Rfc8 22. Qd2 1/2-1/2